000 00297nam a2200109 a 4500
005 20140414093832.0
008 970109s19uu xx 00 eng d
050 _aVHS 000
_bOR 07
245 _aGuidance Associates/The Center for Humanities :
_bErnest Hemingway.
942 _cAVM
999 _c108758
_d108758